01013nam a22002297a 4500001001400000003000900014005001700023008004100040040001300081082002100094100004600115245013500161260009700296300003100393500013100424504004100555650003400596650003100630651001900661700004500680710005800725BD-DhSAU 9278BD-DhSAU20260513111322.0260513b2018 bg a|||| m||| 00| 0 eng d aBD-DhSAU 222a616.96bR822 aISLAM, MD. RUBELeRegistration # 18-08810 aOccurrence and morphological characterization of gastrointestinal helminths of murine rodents in northern bangladesh /bMS thesis  aSher-e-Bangla Agricultural University;bDepartment of Microbiology and parasitology ;c2024. aix, 61p. :bill. ;c30 cm. aMS thesis of Department of Microbiology and parasitology, ;, Faculty of ASVM. Sher-e-Balgla Agricultural University Dhaka-1207 aIncludes bibliographical reference.  aOccurrence and morphological  agastrointestinal helminths amurine rodents aProf. Dr. Uday Kumar MohantaeSuperviser eCo-SuperviseraAssico. Prof. Dr. Mirza Synthia Sabrin